000 00514nam a2200205Ia 4500
003 GCL
008 140319s9999 xx 000 0 eng d
040 _aGCL /
_cGCL
082 0 4 _a759
_bM T
100 1 _aMONSEL, PHILIPPE
245 1 0 _aTOULOUSE - LAUTREC, 1864 - 1901 /
_cMONSEL, PHILIPPE
260 _a[S.N] :
_bCERCLE D' ART ،
_c1995
300 _a63 P
650 0 4 _aARTS
650 0 4 _aPAINTING
650 0 4 _aTOULOUSE
650 0 4 _aFRANCE - PAINTERS
650 0 4 _aTOULOUSE - LAUTREC
942 _2ddc
_cBK
999 _c14702
_d14702